| 000 | 01287nam a22002777a 4500 | ||
|---|---|---|---|
| 005 | 20101206113148.0 | ||
| 008 | 101206t xxu||||| |||| 00| 0 hin d | ||
| 010 | _aHIN-93297 | ||
| 020 |
_c290.00 _a818688128x |
||
| 035 | _aHN-65643 | ||
| 037 | _bDBAD/PUB | ||
| 040 |
_aDPL _bHN |
||
| 082 | _a954.03 | ||
| 100 | _924598 | ||
| 245 |
_aछतीसगढ़ी शब्द सम्पदाः _cहरदेव बाहरी द्वारा संपादित _bछत्तीसगढ़ी बोली का पहला शब्दकोष / |
||
| 246 |
_aChhatisgarhi Shabdasampada _bEd by Hardev Bahri |
||
| 260 |
_aइलाहाबाद _bसमृद्धि प्रकाशन _c2011 |
||
| 270 |
_bइलाहाबाद _a155, बाई का बाग, त्रिवेणी रोड _e211003 _k0532- 2417440 |
||
| 300 |
_ax,181पृ. _c22सेमी (सजिल्द) |
||
| 650 | _91169 | ||
| 650 | _929580 | ||
| 700 |
_924599 _aबाहरी, हरदेव |
||
| 700 | _924924 | ||
| 942 |
_2ddc _cHN _mजीलानी _h954.03 |
||
| 999 |
_c54101 _d54101 |
||